TV Character Name Match Quiz Stats

 Plays Quiz Updated Oct 25, 2015

Challenge
Share
Tweet
Score 0/25 Timer 07:00
229 Plays Today
% Correct
Sherlock
95.8%
Homer
95.7%
Stewie
88.4%
Sheldon
87.4%
Monica
86.9%
Tony
86.8%
Elmer
86%
Barney
85.4%
Veronica
83.9%
Carrie
83.9%
Eric
82.3%
Daenerys
79.9%
Jack
79.4%
% Correct
Gregory
77.4%
Liz
73.7%
Michael
69.2%
Buffy
64.9%
Jesse
62.8%
Dexter
59.9%
Frank
53%
Blair
52.3%
Velma
48.5%
Daryl
47.6%
Piper
46.7%
Dean
46.3%

You're not logged in!

Compare scores with friends on all Sporcle quizzes.
Join for Free
OR
Log In

You Might Also Like...

Show Comments

Extras

Top Quizzes Today


Score Distribution

Your Account Isn't Verified!

In order to create a playlist on Sporcle, you need to verify the email address you used during registration. Go to your Sporcle Settings to finish the process.

Report this User

Report this user for behavior that violates our Community Guidelines.

Details: